|
|
|
|
| LEADER |
01132nam a2200301 a 4500 |
| 001 |
155 |
| 003 |
BD-DhAAL |
| 005 |
20150602160009.0 |
| 008 |
150602s1996 nyuab b 001 0 eng |
| 010 |
|
|
|a 95040954
|
| 020 |
|
|
|a 0070631360 (alk. paper)
|
| 040 |
|
|
|a DLC
|c DLC
|d DLC
|d BD-DhAAL
|
| 050 |
0 |
0 |
|a HV8073
|b .S84 1996
|
| 082 |
0 |
0 |
|a 363.2/5
|2 20
|
| 100 |
1 |
|
|a Swanson, Charles R.,
|d 1942-
|9 11646
|
| 245 |
1 |
0 |
|a Criminal investigation /
|c Charles R. Swanson, Neil C. Chamelin, Leonard Territo.
|
| 250 |
|
|
|a 6th ed.
|
| 260 |
|
|
|a New York :
|b McGraw-Hill,
|c c1996.
|
| 300 |
|
|
|a xiv, 801 p. :
|b ill. (some col.), col. maps ;
|c 25 cm.
|
| 504 |
|
|
|a Includes bibliographical references and index.
|
| 541 |
|
|
|e 155
|
| 650 |
|
0 |
|a Criminal investigation.
|9 11647
|
| 650 |
|
0 |
|a Criminal investigation
|z United States.
|9 11648
|
| 700 |
1 |
|
|a Chamelin, Neil C.,
|d 1942-
|9 11649
|
| 700 |
1 |
|
|a Territo, Leonard.
|9 11650
|
| 942 |
|
|
|2 ddc
|c BK
|
| 999 |
|
|
|c 34598
|d 34598
|
| 952 |
|
|
|0 0
|1 0
|2 ddc
|4 0
|6 363_250000000000000_SWA
|7 0
|9 54032
|a SCL
|b SCL
|c GEN
|d 2015-06-02
|e Gift: The Asia Foundation
|l 2
|m 5
|o 363.25 SWA
|p 3020000155
|r 2022-08-11
|s 2022-07-29
|t 1
|w 2015-06-02
|y BK
|